000 00341nam a2200145Ia 4500
008 191201s2011 xx 000 0 und d
082 _a519.5
_bGUS
100 _aGUPTA, S.P
245 0 _aStatistical Methods
250 _aREV.41st
260 _aNew Delhi
_bSultan Chand
_c2011
300 _a1425
650 _aM.Tech (ECE)
942 _2ddc
_cBK
999 _c5058
_d5058